Eastern Utah Libraries Catalog: Duchesne, Heber, Roosevelt, & Vernal

Hide and seeker / (Record no. 358486)

MARC details
000 -LEADER
fixed length control field 03346pam a2200697 i 4500
001 - CONTROL NUMBER
control field 3056729
005 - DATE AND TIME OF LATEST TRANSACTION
control field 20210209154958.0
008 - FIXED-LENGTH DATA ELEMENTS--GENERAL INFORMATION
fixed length control field 200116t20202020nyu c 000 1 eng
010 ## - LIBRARY OF CONGRESS CONTROL NUMBER
LC control number 2020000071
020 ## - INTERNATIONAL STANDARD BOOK NUMBER
International Standard Book Number 9781338583625
Qualifying information (hardcover)
Terms of availability $17.99
020 ## - INTERNATIONAL STANDARD BOOK NUMBER
International Standard Book Number 133858362X :
Terms of availability $17.99
020 ## - INTERNATIONAL STANDARD BOOK NUMBER
Cancelled/invalid ISBN 9781338583649
Qualifying information (ebk)
035 ## - SYSTEM CONTROL NUMBER
System control number (OCoLC)1129172491
035 ## - SYSTEM CONTROL NUMBER
System control number (OCoLC)on1129172491
035 ## - SYSTEM CONTROL NUMBER
System control number 3042274
040 ## - CATALOGING SOURCE
Original cataloging agency NJQ/DLC
Language of cataloging eng
Description conventions rda
Transcribing agency DLC
042 ## - AUTHENTICATION CODE
Authentication code lcac
-- pcc
043 ## - GEOGRAPHIC AREA CODE
Geographic area code n-us-tn
050 00 - LIBRARY OF CONGRESS CALL NUMBER
Classification number PZ7.1.H492
Item number Hi 2020
082 04 - DEWEY DECIMAL CLASSIFICATION NUMBER
Classification number [Fic]
Edition number 23
092 ## - LOCALLY ASSIGNED DEWEY CALL NUMBER (OCLC)
Classification number junior fiction
Item number Hermon
999 ## - SYSTEM CONTROL NUMBERS (KOHA)
Koha Dewey Subclass [OBSOLETE] F
100 1# - MAIN ENTRY--PERSONAL NAME
Personal name Hermon, Daka,
Relator term author.
9 (RLIN) 6404193
245 10 - TITLE STATEMENT
Title Hide and seeker /
Statement of responsibility, etc Daka Hermon.
250 ## - EDITION STATEMENT
Edition statement First edition.
264 #1 - Production, Publication, Distribution, Manufacture, and Copyright Notice.
Place of production, publication, distribution, manufacture New York :
Name of producer, publisher, distributor, manufacturer Scholastic Press,
Date of production, publication, distribution, manufacture, or copyr 2020.
264 #4 - Production, Publication, Distribution, Manufacture, and Copyright Notice.
Date of production, publication, distribution, manufacture, or copyr ©2020
300 ## - PHYSICAL DESCRIPTION
Extent 308 pages ;
Dimensions 22 cm
336 ## - Content Type
Content type term text
337 ## - Media type
Media type term unmediated
338 ## - Carrier type
Carrier type term volume
520 ## - SUMMARY, ETC.
Summary, etc Something is wrong with twelve-year-old Zee, who has returned after a year's absence; nobody knows where he was or what happened to him, but now he is distracted and violent, freaking out when he sees his friends, Justin, Nia, and Lyric, playing an odd game of hide-and-seek, and talking wildly about some danger that is approaching--and soon his friends are pulled into a shadowy world ruled by a monstrous, shape-shifting Seeker, forced to play a terrifying game of hide-and-seek where they will have to confront their worst nightmares in order to find their way home.
521 1# - TARGET AUDIENCE NOTE
Target audience note 8-12
Source Brodart.
521 2# - TARGET AUDIENCE NOTE
Target audience note 3-7
Source Brodart.
650 #0 - SUBJECT ADDED ENTRY--TOPICAL TERM
Topical term or geographic name as entry element Missing children
Form subdivision Juvenile fiction.
9 (RLIN) 5680789
650 #0 - SUBJECT ADDED ENTRY--TOPICAL TERM
Topical term or geographic name as entry element Hide-and-seek
Form subdivision Juvenile fiction.
9 (RLIN) 5689460
650 #0 - SUBJECT ADDED ENTRY--TOPICAL TERM
Topical term or geographic name as entry element Monsters
Form subdivision Juvenile fiction.
9 (RLIN) 5674163
650 #0 - SUBJECT ADDED ENTRY--TOPICAL TERM
Topical term or geographic name as entry element Fear
Form subdivision Juvenile fiction.
9 (RLIN) 5674586
650 #0 - SUBJECT ADDED ENTRY--TOPICAL TERM
Topical term or geographic name as entry element Friendship
Form subdivision Juvenile fiction.
9 (RLIN) 5673647
650 #0 - SUBJECT ADDED ENTRY--TOPICAL TERM
Topical term or geographic name as entry element Horror tales.
9 (RLIN) 6404194
650 #1 - SUBJECT ADDED ENTRY--TOPICAL TERM
Topical term or geographic name as entry element Horror stories.
9 (RLIN) 6404195
650 #1 - SUBJECT ADDED ENTRY--TOPICAL TERM
Topical term or geographic name as entry element Missing children
Form subdivision Fiction.
9 (RLIN) 5674235
650 #1 - SUBJECT ADDED ENTRY--TOPICAL TERM
Topical term or geographic name as entry element Hide-and-seek
Form subdivision Fiction.
9 (RLIN) 5689461
650 #1 - SUBJECT ADDED ENTRY--TOPICAL TERM
Topical term or geographic name as entry element Monsters
Form subdivision Fiction.
9 (RLIN) 5674164
650 #1 - SUBJECT ADDED ENTRY--TOPICAL TERM
Topical term or geographic name as entry element Fear
Form subdivision Fiction.
9 (RLIN) 5674590
650 #1 - SUBJECT ADDED ENTRY--TOPICAL TERM
Topical term or geographic name as entry element Friendship
Form subdivision Fiction.
9 (RLIN) 5673769
650 #7 - SUBJECT ADDED ENTRY--TOPICAL TERM
Topical term or geographic name as entry element JUVENILE FICTION / Horror
Source of heading or term bisacsh
9 (RLIN) 5718181
650 #7 - SUBJECT ADDED ENTRY--TOPICAL TERM
Topical term or geographic name as entry element JUVENILE FICTION / Monsters
Source of heading or term bisacsh
9 (RLIN) 5708135
650 #7 - SUBJECT ADDED ENTRY--TOPICAL TERM
Topical term or geographic name as entry element JUVENILE FICTION / Thrillers & Suspense
Source of heading or term bisacsh
9 (RLIN) 5715418
655 #7 - INDEX TERM--GENRE/FORM
Genre/form data or focus term Horror fiction.
Source of term lcgft
9 (RLIN) 6404196
776 08 - ADDITIONAL PHYSICAL FORM ENTRY
Display text Online version:
Main entry heading Hermon, Daka.
Title Hide and seeker
Edition First edition.
Place, publisher, and date of publication New York : Scholastic Press, 2020
International Standard Book Number 9781338583649
Record control number (DLC) 2020000072
942 ## - ADDED ENTRY ELEMENTS (KOHA)
Source of classification or shelving scheme Dewey Decimal Classification
Koha item type BOOK
948 ## - LOCAL PROCESSING INFORMATION (OCLC); SERIES PART DESIGNATOR (RLIN)
Series part designator, SPT (RLIN) BLK
b (OCLC) CHILDREN'S
p (OCLC) X121952816
k (OCLC) J
h (OCLC) F
f (OCLC) 1
r (OCLC) 2
g (OCLC) 1
7 (OCLC) 0
u (OCLC) 3
w (OCLC) 11
s (OCLC) 0
o (OCLC) BLK
0 (OCLC) $17.99
y (OCLC) 99
c (OCLC) 26
j (OCLC) Dewey Decimal
n (OCLC) On-Order
e (OCLC) 1808960-2
9 (OCLC) Item generated Sep 15 2020 10:44AM
Holdings
Withdrawn status Lost status Source of classification or shelving scheme Damaged status Not for loan Collection code Home library Current library Shelving location Date acquired Source of acquisition Total Checkouts Total Renewals Full call number Barcode Date last seen Date checked out Cost, replacement price Price effective from Koha item type
    Dewey Decimal Classification     Junior Fiction Wasatch County Library Wasatch County Library Main Floor Junior Area 02/09/2021 Micromarketing 9 6 J Hermon 34301001667148 08/12/2024 07/29/2024 17.99 02/09/2021 BOOK
This project was made possible through a grant from the Institute of Museum and Library Service administered by the Utah State Library Division.

Wasatch County Library

  • 465 East 1200 South, Heber City, Utah 84032
  • Phone 435-654-1511 | Fax 435-654-6456

Hours

  • Monday - Friday 9:30 AM - 8:00 PM
  • Saturday 9:30 AM - 1:30 PM
  • Closed Sundays and Holidays